Monetary theory and policy / (Record no. 56374)

MARC details
000 -LEADER
fixed length control field 01443nam a22003017a 4500
005 - DATE AND TIME OF LATEST TRANSACTION
control field 20110906113855.0
008 - FIXED-LENGTH DATA ELEMENTS--GENERAL INFORMATION
fixed length control field 110906t xxu||||| |||| 00| 0 eng d
010 ## - LCCN (DPL NO)
LC control number ENG-103627
020 ## - INTERNATIONAL STANDARD BOOK NUMBER
International Standard Book Number 9788120342521
Terms of availability 450.00
035 ## - SYSTEM CONTROL NUMBER
System control number EN-87160
037 ## - SOURCE OF ACQUISITION
Source of stock number/acquisition DBAD/PUB
040 ## - CATALOGING SOURCE
Original cataloging agency DPL
Language of cataloging Eng
082 ## - DEWEY DECIMAL CLASSIFICATION NUMBER
Classification number 332.46
100 ## - MAIN ENTRY--PERSONAL NAME
9 (RLIN) 34250
Personal name Walsh, Carl E.
245 ## - TITLE STATEMENT
Title Monetary theory and policy /
Statement of responsibility, etc by Carl E. Walsh.
250 ## - EDITION STATEMENT
Edition statement 3rd ed
260 ## - PUBLICATION, DISTRIBUTION, ETC. (IMPRINT)
Place of publication, distribution, etc New Delhi
Name of publisher, distributor, etc PHI Learning
Date of publication, distribution, etc 2011
270 ## - ADDRESS
Address M-97, Connaught Circus
City New Delhi
Postal code 110001
300 ## - PHYSICAL DESCRIPTION
Extent xxi, 613 p. :
Dimensions 24cm (pbk)
Other physical details ill.
500 ## - GENERAL NOTE
General note Includes bibliographical references and indexes
505 ## - FORMATTED CONTENTS NOTE
Formatted contents note Empirical evidence on money, prices, and output -- Money-in-the-utility function -- Money and transactions -- Money and public finance -- Money in the short run : informational and portfolio rigidities -- Money in the short run : nominal price and wage rigidities -- Discretionary policy and time inconsistency -- New keynesian monetary economics -- Money and the open economy -- Financial markets and monetary policy -- Monetary policy and operating procedures.
610 ## - SUBJECT ADDED ENTRY--CORPORATE NAME
9 (RLIN) 34253
650 ## - SUBJECT ADDED ENTRY--TOPICAL TERM
9 (RLIN) 34251
Topical term or geographic name as entry element Monetary policy.
650 ## - SUBJECT ADDED ENTRY--TOPICAL TERM
Topical term or geographic name as entry element Money
9 (RLIN) 34478
700 ## - ADDED ENTRY--PERSONAL NAME
9 (RLIN) 34258
942 ## - ADDED ENTRY ELEMENTS (KOHA)
Source of classification or shelving scheme Dewey Decimal Classification
Item type English Books
Classification part 332.46
Call number suffix WAL
Holdings
Withdrawn status Lost status Source of classification or shelving scheme Damaged status Not for loan Collection code Home library Current library Date acquired Source of acquisition Cost, normal purchase price Total Checkouts Full call number Barcode Date last seen Copy number Cost, replacement price Koha item type
    Dewey Decimal Classification   Not For Loan Non-fiction D.B.Act.Division D.B.Act.Division 06/09/2011 DBAD/PUB 450.00   332.46 WAL EN-87160 06/09/2011 1 450.00 English Books

© Delhi Public Library
Hit Counter
free hit counter